Handbook of Contract Management in Construction. (Record no. 2358)

MARC details
005 - DATE AND TIME OF LATEST TRANSACTION
control field 20250516084528.0
020 ## - INTERNATIONAL STANDARD BOOK NUMBER
International Standard Book Number 978-3-030-72267-8
082 ## - DEWEY DECIMAL CLASSIFICATION NUMBER
Classification number 690.4
100 ## - MAIN ENTRY--PERSONAL NAME
Author name HAIDAR, A. D.
245 ## - TITLE STATEMENT
Title Handbook of Contract Management in Construction.
260 ## - PUBLICATION, DISTRIBUTION, ETC.
Place of publication, distribution, etc. Switzerland,
Name of publisher, distributor, etc. Springer Nature,
Date of publication, distribution, etc. 2021
300 ## - PHYSICAL DESCRIPTION
Extent xiv,183p,;
Dimensions 23cm.
942 ## - ADDED ENTRY ELEMENTS (KOHA)
Source of classification or shelving scheme Dewey Decimal Classification
Koha item type Books
Holdings
Date last seen Total checkouts Full call number Barcode Cost, replacement price Price effective from Koha item type Lost status Source of classification or shelving scheme Damaged status Not for loan Withdrawn status Home library Current library Shelving location Date acquired Cost, normal purchase price
05/16/2025   690.1 HAI DOM00079 653112.00 05/16/2025 Books   Dewey Decimal Classification       CBE Dodoma CBE Dodoma Special Reserve Collection 03/12/2025 217704.00